| 000 | 04779nam a2201105 i 4500 | ||
|---|---|---|---|
| 001 | 768714001 | ||
| 003 | CO-MdFUSB | ||
| 005 | 20220623062546.0 | ||
| 007 | ta | ||
| 008 | 820709t1983 nyu b 000 0 eng | ||
| 020 | _a0385148046 | ||
| 020 | _a0385246935 | ||
| 020 | _a0385114346 | ||
| 020 | _a0385156510 | ||
| 020 | _a0385412568 | ||
| 020 | _a0385175930 | ||
| 020 | _a038501029x | ||
| 020 | _a0385053169 | ||
| 020 | _a0385067607 | ||
| 020 | _a0385068085 | ||
| 020 | _a0385469284 | ||
| 020 | _a0385046952 | ||
| 020 | _a0385008945 | ||
| 020 | _a0385027656 | ||
| 020 | _a0385411146 | ||
| 020 | _a0385497164 | ||
| 020 | _a0385497172 | ||
| 020 | _a0385501749 | ||
| 020 | _a038541112X | ||
| 020 | _a0385511604 | ||
| 020 | _a0385009542 | ||
| 020 | _a0385182007 | ||
| 020 | _a0385047029 | ||
| 020 | _a038500768X | ||
| 020 | _a0385412053 | ||
| 020 | _a0385007736 | ||
| 020 | _a0385235259 | ||
| 020 | _a0385144822 | ||
| 020 | _a038546892X | ||
| 020 | _a0385135173 | ||
| 020 | _a0385144245 | ||
| 020 | _a0385189133 | ||
| 020 | _a0385085338 | ||
| 020 | _a0385048645 | ||
| 020 | _a0385004265 | ||
| 020 | _a0385016441 | ||
| 040 |
_aDLC _beng _cCO-MdFUSB _dLML _erda |
||
| 041 | _aeng | ||
| 082 |
_223 _a221.7 _bN532 |
||
| 100 |
_aPropp, William Henry, _eautor |
||
| 245 | 1 | 0 |
_aThe Anchor Bible : _ba new translation with introduction and commentary / _c William Henry Propp … [y otros autores] |
| 264 | 1 |
_aGarden City, N.Y. : _bDoubleday, _c[1999] |
|
| 264 | 4 | _c© 1999 | |
| 300 |
_aVolúmenes _c; 24 cm. |
||
| 336 |
_atexto _btxt _2rdacontent. |
||
| 337 |
_asin mediación _bn _2rdamedia. |
||
| 338 |
_avolumen _bnc _2rdacarrier. |
||
| 490 | _aThe Anchor Bible ; | ||
| 505 | _aVol.1: Éxodos 1-18 / William Henry Propp -- Vol.3: Levíticos 1-16 / Jacob, Milgrom -- Vol.4: Números 1-20 / Baruch A. Levine -- Vol.4a: Números 21-36 / Baruch A. Levine -- Vol.5: Deuteronomio 1-11 / Weinfeld, Moshe. -- Vol.6a: Jueces / Boling, Robert G. -- Vol7: Ruth / Campbell, Edward F. -- Vol.8: I Samuel / McCarter, P. Kyle -- Vol.9: II Samuel / McCarter, P. Kyle. -- Vol.12: I Crónicas / Knoppers, Gary N. -- Vol.14:Esdras - Nehemías / Myers, Jacob -- Vol.15: Job / Pope, Marvin H.-- Vol.16:Salmos / Mitchell J. Dahood -- Vol.18c: Eclesiastés / Seow, C. L. -- Vol.19: Isaías 1-39 / Blenkinsopp, Joseph -- Vol.19a: Isaías 40-55 / Blenkinsopp, Joseph -- Vol.19b: Isaías 56 66 / Blenkinsopp, Joseph -- Vol.21a: Jeremías 1-20 / Lundbom, Jack R. -- Vol.21c: Jeremías 27-52 / Lundbom, Jack R. -- Vol.22: Ezechiel 1 - 20 / Greenberg, Moshe -- Vol.22a: Ezekiel 21-37 / Greenberg, Moshe -- Vol.24: Hosea / Andersen, Francis I.-- Vol.24a: Amos / Andersen, Francis I. -- Vol.24b: Jonás / Sasson, Jack M. -- Vol.24c: Joel / Crenshaw, James L. -- Vol.24b: Hageo, Zacarías 1-8 / Meyers, Carol L. -- Vol.25d: Malaquías / Hill, Andrew E. -- Vol.39: Sabiduría de Ben Sira / Skehan, Patrick W. -- Vol.40: Judith / Moore, Carey A. -- Vol.40a: Tobías / Moore, Carey A. -- Vol.41: I Macabeos / Goldstein, Jonathan A. -- Vol.41a: II Macabeos / Goldstein, Jonathan A. -- Vol.42: I - II Esdras / Myers, Jacob M. -- Vol.43: La sabiduría de Salomón / Winston, David. --Vol.44: Daniel, Esther, and Jeremías : Las adiciones. / Moore, Carey A. | ||
| 563 | _aPasta dura | ||
| 630 | 0 | 7 |
_aBiblia. _pÉxodo |
| 630 | 0 | 7 |
_aBiblia. _pLevíticos |
| 630 | 0 | 7 |
_aBiblia. _pDeuteronomio |
| 630 | 0 | 7 |
_aBiblia. _pJueces |
| 630 | 0 | 7 |
_aBiblia. _pRut |
| 630 | 0 | 7 |
_aBiblia. _pSamuel, 1ª |
| 630 | 0 | 7 |
_aBiblia. _pCrónicas |
| 700 |
_aMilgrom, Jacob, _eautor _96398 |
||
| 700 |
_aWeinfeld, Moshe, _eautor _96400 |
||
| 700 |
_aBoling, Robert G. _eautor _96421 |
||
| 700 |
_aCampbell, Edward Fay, _eautor _96422 |
||
| 700 |
_aMcCarter, P. Kyle, _eautor _96326 |
||
| 700 |
_aKnoppers, Gary N., _eautor _96423 |
||
| 700 |
_aMyers, Jacob, _eautor _96424 |
||
| 700 |
_aPope, Marvin H. _eautor _96425 |
||
| 700 |
_aDahood, Mitchell J. _eautor _96426 |
||
| 700 |
_aSeow, C. L. _eautor _96427 |
||
| 700 |
_aBlenkinsopp, Joseph, _eautor _96428 |
||
| 700 |
_aLundbom, Jack R. _eautor _96429 |
||
| 700 |
_aGreenberg, Moshe, _eautor _96430 |
||
| 700 |
_aMoore, Carey A., _eautor _96431 |
||
| 700 |
_aAndersen, Francis I. _eautor _93080 |
||
| 700 | 1 |
_aCrenshaw, James L. _eautor _96432 |
|
| 700 |
_aSasson, Jack M. _eautor _96433 |
||
| 700 |
_aMeyers, Carol L. _eautor _96434 |
||
| 700 |
_aHill, Andrew E. _eautor _96435 |
||
| 700 |
_aSkehan, Patrick W. _eautor _96436 |
||
| 700 |
_aMoore, Carey A., _eautor _96431 |
||
| 700 |
_aGoldstein, Jonathan A. _eautor _96437 |
||
| 700 |
_aWinston, David, _eautor _96438 |
||
| 700 |
_aLevine, Baruch A. _eautor _96476 |
||
| 942 | _cREF | ||
| 945 | _aJTF-925 | ||
| 999 |
_c67330 _d67330 |
||